History Quiz

Random History or Nation Quiz

Important Figures in the American Revolution Quiz Stats

 Plays Quiz Updated Jul 23, 2019

Score 0/10 Timer 02:30
0 Plays Today
% Correct
George Washington
General, Revolutionary
98.2%
Benjamin Franklin
Statesman, Revolutionary
96.3%
Paul Revere
Patriot, Revolutionary
84.6%
Alexander Hamilton
Statesman, Revolutionary
83.4%
George III
King, British
78.5%
John Hancock
Statesman, Revolutionary
71.3%
Frederick North
Lord North
Prime Minister, British
71.1%
Charles Cornwallis
General, British
67%
William Howe
General, British
58.5%
Benedict Arnold
American officer turned traitor
55.5%

You're not logged in!

Compare scores with friends on all Sporcle quizzes.
OR
Log In

Sporcle TV

Today on Sporcle TV


Watch our educational content, quiz creation guides, and fun videos on Sporcle TV.

Show Comments

Extras

Top Quizzes Today


Score Distribution

Your Account Isn't Verified!

In order to create a playlist on Sporcle, you need to verify the email address you used during registration. Go to your Sporcle Settings to finish the process.

Report this User

Report this user for behavior that violates our Community Guidelines.

Details: